00545nam a2200169 4500001000700000003000900007005001700016007000300033008004100036100003400077245004700111260003500158300002100193852002100214999001900235952012100254123355ES-MaACL20230906192145.0t|070214n19001980fr r ||||1| fre d0 aRachilde (d1860-1953)99488013aLa haine amoureuse b: roman / cRachilde. aLagny : bE. Grevin, c[19__?] a285 p. ; c9 cm. aES-MaACLjF-2515 c123355d123355 00104070aATENEOMbATENEOMcDEPO2d2008-01-17eSCl0oF-2515p1128528r2023-02-23 00:00:00w2023-02-23yMONOGRAFIA